Statistics for COD Zombies: Quick Revive Perk Lyrics

Click here to take the quiz!

General Stats

  • This quiz has been taken 41 times
  • The average score is 5 of 7

Answer Stats

HintAnswer% Correct
You need alittle revive
92%
You need alittle revive
92%
And pulls youto the ground
81%
If youwanna get up
81%
If youwanna get up
81%
Grabs you by thehair
65%
When everything'sbeen draggin you down
42%

Score Distribution

Percentile by Number Answered

Percent of People with Each Score

Your Score History

You have not taken this quiz